000 00296nam a22001217a 4500
008 230621b xxu||||| |||| 00| 0 eng d
082 _a328.06
_bIPU
100 _cIPU
245 _a121st IPU Assembly
_bSummary Records of the Proceedings
260 _bIPU
_c2009
300 _a183p
942 _2ddc
_cBK
999 _c2058
_d2058